Zo Starej Turej do sveta

Obchodná činnosť spoločnosti so zdravotníckou technikou Chirana-Prema, a.s. Stará Turá. Obchodná a cenová politika firmy. Vývoz do zahraničia.

Gespeichert in:
Bibliographische Detailangaben
1. Verfasser: Stiegel, J.
Format: Buchkapitel
Sprache:Slowakisch
Schlagworte:
Tags: Tag hinzufügen
Keine Tags, Fügen Sie das erste Tag hinzu!

MARC

LEADER 00000naa a2200000 4500
001 r025699
005 20251104123657.7
041 0 |a slo 
044 |a SK 
245 1 0 |a Zo Starej Turej do sveta  |c J. Stiegel 
520 |a Obchodná činnosť spoločnosti so zdravotníckou technikou Chirana-Prema, a.s. Stará Turá. Obchodná a cenová politika firmy. Vývoz do zahraničia. 
610 2 0 |a firmy 
610 2 0 |a Chirana-Prema, a.s. Stará Turá 
610 2 0 |a stratégia podniková 
610 2 0 |a stratégia obchodná 
610 2 0 |a ceny 
610 2 0 |a vývoz 
610 2 0 |a technika zdravotnícka 
100 1 |a Stiegel, J.